Central Library OPAC University of Rajshahi

Green plants : (Record no. 67669)

MARC details
000 -LEADER
fixed length control field 00962nam a2200313 a 4500
001 - CONTROL NUMBER
control field 67669
003 - CONTROL NUMBER IDENTIFIER
rucl marc code BD-RjUL
005 - DATE AND TIME OF LATEST TRANSACTION
control field 20211209081700.0
008 - FIXED-LENGTH DATA ELEMENTS--GENERAL INFORMATION
fixed length control field 170328s2000 enka b 001 0 eng
020 ## - INTERNATIONAL STANDARD BOOK NUMBER
International Standard Book Number 0521641098 (hbk.)
International Standard Book Number 0521646731 (pbk.)
035 ## - SYSTEM CONTROL NUMBER
System control number (BD-RjUL)67878
040 ## - CATALOGING SOURCE
Original cataloging agency DLC
Transcribing agency DLC
Modifying agency BD-RjUL
Language of cataloging eng
041 ## - LANGUAGE CODE
Language code of text/sound track or separate title eng
082 00 - DEWEY DECIMAL CLASSIFICATION NUMBER
Classification number 581.38
Edition number 23
Author mark and year BEG 2000
100 1# - MAIN ENTRY--PERSONAL NAME
Personal name Bell, Peter Robert.
9 (RLIN) 200622
245 10 - TITLE STATEMENT
Title Green plants :
Remainder of title their origin and diversity /
Statement of responsibility, etc. Peter R. Bell and Alan R. Hemsley.
250 ## - EDITION STATEMENT
Edition statement 2nd ed.
260 ## - PUBLICATION, DISTRIBUTION, ETC. (IMPRINT)
Place of publication, distribution, etc. New York :
Name of publisher, distributor, etc. Cambridge University Press,
Date of publication, distribution, etc. 2000.
300 ## - PHYSICAL DESCRIPTION
Pagination vii, 349 p. :
Illustrations ill. ;
Size 26 cm.
504 ## - BIBLIOGRAPHY, ETC. NOTE
Bibliography, etc Includes bibliographical references
650 #0 - SUBJECT ADDED ENTRY--TOPICAL TERM
Topical term or geographic name as entry element Botany.
9 (RLIN) 200623
Topical term or geographic name as entry element Plants
Form subdivision Classification.
9 (RLIN) 159285
Topical term or geographic name as entry element Plants
General subdivision Evolution.
9 (RLIN) 200624
Topical term or geographic name as entry element Plants
General subdivision Variation.
9 (RLIN) 161645
700 1# - ADDED ENTRY--PERSONAL NAME
Personal name Hemsley, Alan R.
942 ## - ADDED ENTRY ELEMENTS (KOHA)
Source of classification or shelving scheme Dewey Decimal Classification
Koha item type Books
Holdings
Lost status Source of classification or shelving scheme Damaged status Not for loan Collection code Permanent Location Current Location Shelving location Date acquired Source of acquisition Cost, normal purchase price Total Checkouts Full call number Date last seen Copy number Koha item type
  Dewey Decimal Classification   Not For Loan Non-fiction Central Library, University of Rajshahi Central Library, University of Rajshahi Reading Room 17/05/2007 Dhaka paragon Enterprises Ltd. 27.99   581.38 BEG 2000 28/03/2017 C-1 Books